Jesen

Podrobná bibliografia
Hlavný autor: Sloboda, Rudolf, 1938-1995 (Autor)
Ďalší autori: Kursar, Maria (Prekladateľ), Stričević-Kovačević, Zrinka (Prekladateľ)
Médium: Kniha
Jazyk:chorvátčina
slovenčina
Fyzický popis:238 s. 21 cm
Vydavateľské údaje: Zagreb Disput 2004
ISBN:9536770504
9789536770502
Predmet:

MARC

LEADER 00000nam a2200000 a 4500
001 vtls010640621
003 SK-MaSNL
005 20260302050857.0
008 240313s2004 ci g 000 1 hrv
015 |a SNBZSA2015 
020 |a 9536770504  |q (brož.) 
020 |a 9789536770502 
035 |a DE2562AD-E88E-40AF-B6EB-98F467EAB5BA 
035 |a urn:nbn:sk:snk-amlfg0 
035 |a urn:nbn:sk:snk-am008xgf 
040 |a SNK  |b slo  |c SNK  |e AACR2 
041 1 |a hrv  |h slo 
044 |a ci  |c HR 
072 7 |a 821.162.4-3  |x Slovenská próza  |2 konspekt 
080 |a 821.162.4-3  |2 2001 
100 1 |a Sloboda, Rudolf,  |d 1938-1995  |4 aut  |9 101482 
245 1 0 |a Jesen  |c Rudolf Sloboda ; sa slovačkoga prevele Maria Kursar, Zrinka Stričević-Kovačević 
260 |a Zagreb  |b Disput  |c 2004 
300 |a 238 s.  |c 21 cm 
650 0 7 |a slovenská próza  |2 SNKPH  |9 1206 
650 0 7 |a Slovak prose  |2 SNKPHeng  |9 325779 
700 1 |a Kursar, Maria  |4 trl  |9 45138 
700 1 |a Stričević-Kovačević, Zrinka  |4 trl  |9 509346 
752 |a Chorvátsko  |d Záhreb 
919 |a 953-6770-50-4 
958 |a ZS 
958 |a UP 
958 |a LX 
999 |c 1098813  |d 1100743 
952 |a SNK  |b SNK  |y PREZ  |7 0  |p 17A1133133  |o snkSC 162263  |i snk2014/27420  |8 2  |g 14.20  |0 0  |1 0  |4 0  |d 2014-12-03  |f 1  |l 0  |r 2025-08-26 00:00:00  |w 2026-02-24